Geoguessr - Miasta Polski - Statystyki

Ogólne statystyki
  • Ten quiz został rozwiązany 68 razy
  • Średni wynik to 5 z 20
Statystyki odpowiedzi
Obrazkowy Odpowiedź % Poprawnych
Gdańsk
78%
Kluczbork
76%
Zgorzelec
73%
Piotrków Trybunalski
55%
Przasnysz
35%
Ruda Śląska
18%
Biała Podlaska
16%
Krosno
14%
Mogilno
12%
Gniezno
10%
Śrem
10%
Zakopane
10%
Zielona Góra
10%
Kłodzko
8%
Nowa Dęba
8%
Olsztynek
8%
Pińczów
8%
Tykocin
8%
Włocławek
8%
Wolin
8%
Nie znaleziono quizów pasujących do podanych kryteriów
Rozkład punktacji
Procent ludzi z każdym wynikiem
Percentyl według liczby udzielonych odpowiedzi
Twoja historia wyników
Nie rozwiązałeś tego quizu